00346nam a2200133Ia 4500008004100000041000800041082001600049100002000065245006000085260002300145300000800168365001600176700002000192230718s9999 xx 000 0 und d aeng a004.36bSHI aShimonski R. J. aNetwork + Exam N 10 - 003study Guide And Practice Exams c2006bO'Reilly/SPD a923 cRs.b450.00 aShimonski R. J.